000 00970na a2200325 4500
001 24188
003 MIRAKIL
005 20181226104235.0
008 181005b tu 000 0
020 _a9786056163036
035 _a14687
041 _atur
082 _a324.9
_bT85b 2012
090 _a324.9 T85b 2012
100 _aTuncer, Erol
245 _a1961 seçimleri
_cErol Tuncer
260 _aAnkara
_bTESAV
_c2012
300 _axxiv, 512 s.
_btbl., hrt.
_c27 sm.
490 _aTESAV yayınları
_v39
504 _aKaynakça var.
650 _aSiyasal tarih
_y1961-1965
_zTürkiye
650 _aSiyasal partiler
_x1961-1965
_zTürkiye
650 _aHükümetler
_x1961-1965
_zTürkiye
650 _aTBMM
_x12. Dönem
_y1961-1965
650 _aSeçimler
_xİstatistikler
_zTürkiye
651 _aTürkiye
_xSeçimler
_yGenel seçimler, 1961
651 _aTürkiye
_xSiyaset ve yönetim
_y1961-1965
942 _2ddc
_cBKS
040 _aMilas
_btur
_cTR-AnCHP
999 _c11856
_d11856